Подробности
| 000 -МАРКЕР |
| контрольное поле |
03554nam0a22004451 4500 |
| 001 - ИДЕНТИФИКАТОР ЗАПИСИ |
| контрольное поле |
v19\rc\1630002 |
| 005 - ИДЕНТИФИКАТОР ВЕРСИИ |
| контрольное поле |
20260406084441.0 |
| 035 ## - ДРУГИЕ СИСТЕМНЫЕ НОМЕРА |
| Идентификатор записи |
(NLR Aleph) 005239946 |
| 100 ## - ДАННЫЕ ОБЩЕЙ ОБРАБОТКИ |
| Данные общей обработки |
20061002d1899 |||y0rusy50 ca |
| 101 0# - ЯЗЫК РЕСУРСА |
| Язык текста, звукозаписи и т.д. |
русский |
| 102 ## - СТРАНА ПУБЛИКАЦИИ ИЛИ ПРОИЗВОДСТВА |
| Страна публикации |
Российская Федерация |
| 105 ## - ПОЛЕ КОДИРОВАННЫХ ДАННЫХ: ТЕКСТОВЫЕ МАТЕРИАЛЫ, МОНОГРАФИЧЕСКИЕ |
| Кодированные данные о монографическом текстовом документе |
ag z ||||| |
| 200 1# - ЗАГЛАВИЕ И СВЕДЕНИЯ ОБ ОТВЕТСТВЕННОСТИ |
| Основное заглавие |
Помощь пострадавшим от неурожая |
| Сведения, относящиеся к заглавию |
Лит.-худож. сб. |
| Первые сведения об ответственности |
[Рис. В.М. Васнецова, С.А. Виноградова, Н.В. Досекина и др.] |
| 210 ## - ПУБЛИКАЦИЯ, РАСПРОСТРАНЕНИЕ И ДР. |
| Место издания, распространения и т.д. |
Москва |
| Имя издателя, распространителя и т. д. |
Газ. "Курьер" |
| Дата издания, распространения и т.д. |
1899 |
| 215 ## - ФИЗИЧЕСКАЯ ХАРАКТЕРИСТИКА |
| Специфическое обозначение материала и объем |
[4], 112, 14 с. |
| Другие сведения о физической характеристике |
ил., нот. |
| Размеры |
35 |
| 316 ## - ПРИМЕЧАНИЯ ОБ ОСОБЕННОСТЯХ ЭКЗЕМПЛЯРА |
| Текст примечания |
Экз. РНБ (134/476): приброш. 12 л. илл. |
| Организация и экземпляр, к которому относится поле |
NLR: 134/476 |
| 327 0# - ПРИМЕЧАНИЯ О СОДЕРЖАНИИ |
| Текст примечания |
Авторы: К. Р[оманов], М. Горький, Д. Мамин-Сибиряк, Вл. Ладыженский, П. Обнинский, Л. Медведев, Е. Гославский, М. Громницкий, А. Чехов, М. Лохвицкая, И. Янжул и др. |
| 464 #0 - АНАЛИТИЧЕСКИЙ УРОВЕНЬ |
| Встроенное поле |
700#1$3RU\NLR\AUTH\77104$7ca$aГорький$bМ.$f1868-1936$gМаксим |
| Автор |
Горький, Максим (1868-1936) |
| 464 #0 - АНАЛИТИЧЕСКИЙ УРОВЕНЬ |
| Встроенное поле |
700#1$3RU\NLR\AUTH\77149$7ca$aМамин-Сибиряк$bД. Н.$f1852-1912$gДмитрий Наркисович |
| Автор |
Мамин-Сибиряк, Дмитрий Наркисович (1852-1912) |
| 464 #0 - АНАЛИТИЧЕСКИЙ УРОВЕНЬ |
| Встроенное поле |
700#1$3RU\NLR\AUTH\7764308$7ca$aЛадыженский$bВ. Н.$f1859-1932$gВладимир Николаевич |
| Автор |
Ладыженский, Владимир Николаевич (1859-1932) |
| 464 #0 - АНАЛИТИЧЕСКИЙ УРОВЕНЬ |
| Встроенное поле |
700#1$aОбнинский$bВ.П.$f1867-1916$gВиктор Петрович |
| Автор |
Обнинский, Виктор Петрович (1867-1916) |
| 464 #0 - АНАЛИТИЧЕСКИЙ УРОВЕНЬ |
| Встроенное поле |
700#1$3RU\NLR\AUTH\7778170$7ca$aМедведев$bЛ. М.$cпоэт, писатель$f1865-1904$gЛев Михайлович |
| Автор |
Медведев, Лев Михайлович (поэт, писатель ; 1865-1904) |
| 464 #0 - АНАЛИТИЧЕСКИЙ УРОВЕНЬ |
| Встроенное поле |
700#1$aГославский$bЕ.П.$f1861-1917$gЕвгений Петрович |
| Автор |
Гославский, Евгений Петрович (1861-1917) |
| 464 #0 - АНАЛИТИЧЕСКИЙ УРОВЕНЬ |
| Встроенное поле |
700#1$aГромницкий$bМ.Ф.$gМихаил Федорович |
| Автор |
Громницкий, Михаил Федорович |
| 464 #0 - АНАЛИТИЧЕСКИЙ УРОВЕНЬ |
| Встроенное поле |
700#1$aЧехов$bА. П.$cписатель$f1860-1904$gАнтон Павлович$3RU\NLR\AUTH\77359$7ca |
| Автор |
Чехов, Антон Павлович (писатель ; 1860-1904) |
| 464 #0 - АНАЛИТИЧЕСКИЙ УРОВЕНЬ |
| Встроенное поле |
700#1$3RU\NLR\AUTH\778909$7ca$aЛохвицкая$bМ.А.$f1869-1905$gМирра Александровна |
| Автор |
Лохвицкая, Мирра Александровна (1869-1905) |
| 464 #0 - АНАЛИТИЧЕСКИЙ УРОВЕНЬ |
| Встроенное поле |
700#1$3RU\NLR\AUTH\7780719$7ca$aЯнжул$bИ. И.$f1846-1914$gИван Иванович |
| Автор |
Янжул, Иван Иванович (1846-1914) |
| 464 #0 - АНАЛИТИЧЕСКИЙ УРОВЕНЬ |
| Встроенное поле |
700#0$3RU\NLR\AUTH\778811$7ca$aКонстантин Константинович$cвеликий князь$f1858-1915 |
| Автор |
Константин Константинович (великий князь ; 1858-1915) |
| 702 #1 - ИМЯ ЛИЦА - ВТОРИЧНАЯ ОТВЕТСТВЕННОСТЬ |
| Код отношения |
Иллюстратор |
| Материалы, к которым относится поле |
rus |
| Графика поля |
Кириллица |
| Начальный элемент ввода |
Васнецов |
| Часть имени, кроме начального элемента ввода |
В. М. |
| Дополнения к именам, кроме дат |
художник |
| Даты |
1848-1926 |
| Расширение инициалов личного имени |
Виктор Михайлович |
| Идентификатор авторитетной/нормативной записи |
RU\NLR\AUTH\7753124 |
| Системный номер авторитетной/нормативной записи |
36057 |
| 702 #1 - ИМЯ ЛИЦА - ВТОРИЧНАЯ ОТВЕТСТВЕННОСТЬ |
| Начальный элемент ввода |
Виноградов |
| Часть имени, кроме начального элемента ввода |
С. А. |
| Дополнения к именам, кроме дат |
художник |
| Даты |
19 в. |
| Код отношения |
Иллюстратор |
| 702 #1 - ИМЯ ЛИЦА - ВТОРИЧНАЯ ОТВЕТСТВЕННОСТЬ |
| Начальный элемент ввода |
Досекин |
| Часть имени, кроме начального элемента ввода |
И. В. |
| Дополнения к именам, кроме дат |
художник |
| Даты |
19 в. |
| Код отношения |
Иллюстратор |
| 801 #0 - ИСТОЧНИК ЗАПИСИ |
| Страна |
Российская Федерация |
| Организация |
NLR |
| Дата составления |
20061002 |
| Правила каталогизации |
psbo |
| 801 #0 - ИСТОЧНИК ЗАПИСИ |
| Страна |
Российская Федерация |
| Организация |
RuMoRGB |
| Дата составления |
20061002 |
| Источник данных |
psbo |
| 801 #1 - ИСТОЧНИК ЗАПИСИ |
| Страна |
Российская Федерация |
| Организация |
ProSoft-M |
| Дата составления |
20061002 |
| Источник данных |
rusmarc |
| 801 #2 - ИСТОЧНИК ЗАПИСИ |
| Страна |
Российская Федерация |
| Организация |
NLR |
| Дата составления |
20090930 |
| Источник данных |
rusmarc |
| 852 ## - МЕСТОНАХОЖДЕНИЕ И ШИФР ХРАНЕНИЯ |
| Идентификатор организации |
NLR |
| Шифр хранения (Call Number) |
20.51.2.1 |
| 852 ## - МЕСТОНАХОЖДЕНИЕ И ШИФР ХРАНЕНИЯ |
| Идентификатор организации |
NLR |
| Шифр хранения (Call Number) |
134/476 |
| 942 ## - ДОПОЛНИТЕЛЬНЫЕ ЭЛЕМЕНТЫ ЗАПИСИ (АБИС) |
| Тип экземпляра АБИС |
Книга |
| 980 ## - КОЛЛЕКЦИЯ |
| Название коллекции |
Национальная библиография |